| 000 | 01449cas a2200397 a 4500 | ||
|---|---|---|---|
| 001 | data | ||
| 005 | 20260322212115.0 | ||
| 007 | data | ||
| 008 | data | ||
| 035 | _a11462774 | ||
| 906 |
_a7 _bcbc _cserials _du _encip _f19 _gn-oclcserc |
||
| 010 | _asf 96091497 | ||
| 035 | _a(OCoLC)15089323 | ||
| 040 |
_aSUC _beng _cSUC _dOCLCQ _dOCLCQ _dCGU _dSYB _dOCLCQ _dOCLCF _dOCLCO _dOCLCQ |
||
| 042 | _apcc | ||
| 050 | 0 | 0 | _aMicrofilm 05419 |
| 245 | 0 | 4 |
_aThe Windsor magazine : _ban illustrated monthly for men and women. |
| 260 |
_aLondon : _bWard, Lock & Bowden, _c1895-1917. |
||
| 300 |
_a46 volumes : _billustrations (some color) ; _c25 cm |
||
| 310 | _aMonthly | ||
| 336 |
_atext _btxt _2rdacontent |
||
| 337 |
_amicroform _bh _2rdamedia |
||
| 338 |
_amicrofilm reel _bhd _2rdacarrier |
||
| 362 | 0 | _aVol. 1, no. 1 ([Jan. 1895])-v. 46, no. 270 (June 1917). | |
| 500 | _aTitle from vol. t.p. | ||
| 500 | _aOn film: vol. 1-12 (1895-1900). | ||
| 533 |
_aMicrofilm. _bAnn Arbor, Mich. : _cUniversity Microfilms International. _e4 microfilm reels ; 35 mm. _f(Early British periodicals). |
||
| 650 | 0 | _aAdventure stories, English. | |
| 650 | 7 |
_aAdventure stories, English. _2fast _0(OCoLC)fst00797478 |
|
| 776 | 0 |
_tWindsor magazine _w(OCoLC)1769919 _w(OCoLC)1769919 |
|
| 776 | 0 | 8 |
_iOnline version: _tWindsor magazine _w(OCoLC)213506220 |
| 785 | 0 | 0 | _tWindsor |
| 830 | 0 | _aEarly British periodicals. | |
| 991 |
_bc-MicRR _hMicrofilm 05419 _wSERIALS |
||
| 999 |
_c1728 _d1728 |
||